Používanie elektronickej registračnej pokladnice

Zákon č. 289/2008 Z.z. o používaní elektronickej registračnej pokladnice v znení účinnom k 1.1.2014.

Salvato in:
Dettagli Bibliografici
Autore principale: Chorvátová, Janka
Altri autori: Mečár, Miroslav
Natura: Capitolo di libro
Lingua:slovacco
Soggetti:
Tags: Aggiungi Tag
Nessun Tag, puoi essere il primo ad aggiungerne!!

MARC

LEADER 00000naa a2200000 4500
001 0184662
005 20231114103716.7
041 0 |a slo 
044 |a SK 
245 1 0 |a Používanie elektronickej registračnej pokladnice  |c Janka Chorvátová, Miroslav Mečár 
520 |a Zákon č. 289/2008 Z.z. o používaní elektronickej registračnej pokladnice v znení účinnom k 1.1.2014. 
610 2 0 |a pokladnice registračné 
610 2 0 |a zákony 
610 2 0 |a novelizácia 
610 2 0 |a Slovensko 
610 2 0 |a 2008-2013 
100 1 |a Chorvátová, Janka 
700 1 |a Mečár, Miroslav